Vista normal
Vista MARC
Entrada Personal Name
Número de registros utilizados en: 1
001 - CONTROL NUMBER
- control field: 17638
003 - CONTROL NUMBER IDENTIFIER
- control field: DLC
005 - DATE AND TIME OF LATEST TRANSACTION
- control field: 20251024144703.0
008 - FIXED-LENGTH DATA ELEMENTS
- fixed length control field: 961025n| acannaab| |a aaa c
010 ## - LIBRARY OF CONGRESS CONTROL NUMBER
- LC control number: no 96055818
035 ## - SYSTEM CONTROL NUMBER
- System control number: (OCoLC)oca04192151
040 ## - CATALOGING SOURCE
- Original cataloging agency: DCU-IA
- Transcribing agency: Mx-PuUPA
- Language of cataloging: spa
- Modifying agency: Mx-PuUPA
- Description conventions: rda
100 10 - HEADING--PERSONAL NAME
- Personal name: Aquino, Thomas de,
374 ## - OCCUPATION
- Occupation: Autor
- Occupation: Presbítero, fraile, teólogo, filósofo y jurista católico
375 ## - GENDER
- Gender: hombre
377 ## - ASSOCIATED LANGUAGE
- Language code: ita
400 10 - SEE FROM TRACING--PERSONAL NAME
- Personal name: Aquino, Th. de
- Fuller form of name: (Thomas de)
400 10 - SEE FROM TRACING--PERSONAL NAME
- Personal name: De Aquino, Thomas
400 10 - SEE FROM TRACING--PERSONAL NAME
- Personal name: Aquino, Tomás de
670 ## - SOURCE DATA FOUND
- Source citation: Nevrose artistica, 1911:
- Information found: t.p. (Th. de Aquino)
675 ## - SOURCE DATA NOT FOUND
- Source citation: Dic. bib. braz., 1883.;
- Source citation: Dic. bib. por., 1859; Dicionário bio-bibliográfico brasileiro, 1937;
- Source citation: Grande enc. por. e bras., 1967;
- Source citation: Grande enc. Delta Larousse, c1977.